000 00818nam a2200229 a 4500
001 000011147
005 20240412074223.0
008 091014t1981 dr r 000 p spa d
040 _aDO-SdBNP
_bspa
_cBNPHU
082 _aRD861.44
_bR696r,1981
100 1 _aRodríguesoriano, René,
_d1950-
_923588
245 1 0 _aRaíces :
_bcon dos comienzos y un final /
_cRené Rodríguesoriano ; prólogo Juan Freddy Armando.
250 _a2ª ed.
260 _aSanto Domingo :
_bGente,
_c1981.
300 _a50 p. ;
_c21 cm.
500 _aIncluye datos biográficos del autor en la solapa de la cubierta.
590 _aInventariado, 2018/BT
650 0 _aPoesía dominicana
_966
650 0 _aLiteratura dominicana.
_967
700 1 2 _aArmando, Juan Freddy,
_d1951-,
_epról.
_922233
910 _aValidado. Control de calidad. EMS
999 _c10872
_d10872